| Tag |
First Indicator |
Second Indicator |
Subfields |
| LEADER |
00000cam a2200000 a 4500 |
| 001 |
in00002693708 |
| 005 |
20151202121819.0 |
| 008 |
100920s2011 cau b 001 0 eng |
| 010 |
|
|
|a 2010040205
|
| 020 |
|
|
|a 9780520265387 (cloth : alk. paper)
|
| 020 |
|
|
|a 0520265386 (cloth : alk. paper)
|
| 020 |
|
|
|a 9780520265394 (pbk. : alk. paper)
|
| 020 |
|
|
|a 0520265394 (pbk. : alk. paper)
|
| 035 |
|
|
|a (OCoLC)ocn665064462
|
| 035 |
|
|
|a (OCoLC)665064462
|
| 040 |
|
|
|a DLC
|c DLC
|d YDX
|d YDXCP
|d UtOrBLW
|
| 049 |
|
|
|a TXAM
|
| 050 |
0 |
0 |
|a GE70
|b .S29 2011
|
| 082 |
0 |
0 |
|a 333.7071
|2 22
|
| 100 |
1 |
|
|a Saylan, Charles,
|d 1953-
|
| 245 |
1 |
4 |
|a The failure of environmental education (and how we can fix it) /
|c Charles Saylan and Daniel T. Blumstein.
|
| 264 |
|
1 |
|a Berkeley :
|b University of California Press,
|c [2011]
|
| 264 |
|
4 |
|c ©2011
|
| 300 |
|
|
|a xii, 241 pages ;
|c 22 cm.
|
| 336 |
|
|
|a text
|b txt
|2 rdacontent
|
| 337 |
|
|
|a unmediated
|b n
|2 rdamedia
|
| 338 |
|
|
|a volume
|b nc
|2 rdacarrier
|
| 504 |
|
|
|a Includes bibliographical references and index.
|
| 650 |
|
0 |
|a Environmental education.
|
| 700 |
1 |
|
|a Blumstein, Daniel T.
|
| 938 |
|
|
|a YBP Library Services
|b YANK
|n 3574548
|
| 947 |
|
|
|a A14840414597
|
| 945 |
|
|
|a PromptCat
|b 362697
|
| 946 |
|
|
|a stk
|
| 994 |
|
|
|a 92
|b TXA
|
| 948 |
|
|
|a Cataloged
|b h
|c 2011/5/26
|d c
|e EGrant
|
| 999 |
|
|
|a MARS
|
| 999 |
f |
f |
|s 707309be-7422-34bb-a937-59ff0eabebf8
|i e9af2f8b-30a5-38d3-85e4-6af9a89100d3
|t 0
|
| 952 |
f |
f |
|p normal
|a Texas A&M University
|b College Station
|c Sterling C. Evans Library
|d Evans: Library Stacks
|t 0
|e GE70 .S29 2011
|h Library of Congress classification
|i unmediated -- volume
|m A14840414597
|
| 998 |
f |
f |
|a GE70 .S29 2011
|t 0
|l Evans: Library Stacks
|